| 000 | 00733nam a2200169 i 4500 | ||
|---|---|---|---|
| 001 | 152895 | ||
| 003 | ES-MaACL | ||
| 005 | 20230906204921.0 | ||
| 008 | 020906s1875 sp |||| | spa d | ||
| 100 | 1 |
_aBusto y López, Andrés del. _932918 |
|
| 245 | 1 | 0 |
_aDe la celulación primitiva _b: memoria leída en la Sociedad Histólogica de Madrid en la sesión pública celebrada el día 25 de enero de 1875 / _cpor Andrés del Busto y López. |
| 260 |
_aMadrid : _b[s.n.], _c1875 ( _fImprenta de José M. Ducazcal) |
||
| 300 |
_a28 p. ; _c20 cm. |
||
| 650 | 4 |
_aHistología. _9164981 |
|
| 710 | 2 |
_aSociedad Histológica de Madrid. _96783 |
|
| 852 |
_aES-MaACL _jT-623-F-9 _z- Enc. hol., falto de cub. original _z- Enc. en un vol. facticio |
||
| 999 |
_c152895 _d152895 |
||